[Event "World Senior Championship F50+/F65+"]
[Site "Katerini"]
[Date "2014.10.26"]
[Round "3.5"]
[White "Priedite, Ingrida"]
[Black "Sinchurina, Tatiana"]
[Result "1-0"]
[WhiteElo "2225"]
[BlackElo "1985"]
[EventDate "2014.10.24"]

1. c4 {[%clk 1:30:56]} e5 {[%clk 1:30:43]} 2. Nc3 {[%clk 1:31:08]} Nf6
{[%clk 1:31:02]} 3. g3 {[%clk 1:31:19]} Nc6 {[%clk 1:30:05]} 4. Bg2
{[%clk 1:30:43]} Be7 {[%clk 1:25:57]} 5. Nf3 {[%clk 1:26:42]} d6 {[%clk 1:25:55]}
6. d4 {[%clk 1:25:37]} exd4 {[%clk 1:25:58]} 7. Nxd4 {[%clk 1:25:58]} Nxd4
{[%clk 1:23:47]} 8. Qxd4 {[%clk 1:26:19]} O-O {[%clk 1:22:40]} 9. O-O
{[%clk 1:25:42]} a6 {[%clk 1:22:40]} 10. h3 {[%clk 1:24:25]} Rb8 {[%clk 1:22:55]}
11. a4 {[%clk 1:18:50]} Bd7 {[%clk 1:21:59]} 12. e4 {[%clk 1:07:55]} Qc8
{[%clk 1:20:17]} 13. Kh2 {[%clk 1:07:40]} Bc6 {[%clk 1:17:52]} 14. f4
{[%clk 0:56:00]} Nd7 {[%clk 1:17:40]} 15. Be3 {[%clk 0:51:45]} Nc5
{[%clk 1:07:46]} 16. Qd1 {[%clk 0:50:22]} Bf6 {[%clk 1:04:32]} 17. e5
{[%clk 0:47:42]} Bxg2 {[%clk 1:04:16]} 18. Kxg2 {[%clk 0:47:12]} Be7
{[%clk 1:03:52]} 19. Bxc5 {[%clk 0:46:58]} dxc5 {[%clk 1:04:12]} 20. Nd5
{[%clk 0:44:38]} Re8 {[%clk 1:02:38]} 21. Qf3 {[%clk 0:40:11]} c6
{[%clk 1:02:16]} 22. Nc3 {[%clk 0:37:05]} Qe6 23. Qe4 {[%clk 0:31:28]} f6
{[%clk 0:58:15]} 24. Rae1 {[%clk 0:30:33]} Rbd8 {[%clk 0:57:16]} 25. f5
{[%clk 0:29:20]} Qxe5 {[%clk 0:56:49]} 26. Qxe5 {[%clk 0:29:38]} fxe5
{[%clk 0:57:11]} 27. Rxe5 {[%clk 0:28:03]} Bf6 {[%clk 0:57:20]} 28. Rxe8+
{[%clk 0:27:36]} Rxe8 {[%clk 0:57:40]} 29. Nd1 {[%clk 0:25:17]} Re4
{[%clk 0:56:41]} 30. b3 {[%clk 0:24:23]} Bd4 {[%clk 0:56:13]} 31. Kf3
{[%clk 0:24:32]} Re5 {[%clk 0:55:44]} 32. g4 {[%clk 0:23:40]} Kf7
{[%clk 0:55:13]} 33. h4 {[%clk 0:23:26]} h6 {[%clk 0:53:37]} 34. Rh1
{[%clk 0:22:12]} Re7 {[%clk 0:52:34]} 35. Rh2 {[%clk 0:21:30]} b5
{[%clk 0:52:07]} 36. cxb5 {[%clk 0:14:13]} cxb5 {[%clk 0:52:16]} 37. axb5
{[%clk 0:14:37]} axb5 {[%clk 0:52:37]} 38. Re2 {[%clk 0:14:59]} Ra7
{[%clk 0:51:36]} 39. Ke4 {[%clk 0:14:42]} Ra3 {[%clk 0:51:06]} 40. b4
{[%clk 0:44:23]} Rh3 {[%clk 1:20:44]} 41. bxc5 {[%clk 0:44:13]} Bxc5
{[%clk 1:21:03]} 42. Rc2 {[%clk 0:42:01]} Be7 {[%clk 1:21:14]} 43. Ne3
{[%clk 0:40:33]} Rxh4 {[%clk 1:19:34]} 44. Rc7 {[%clk 0:40:28]} Kf8
{[%clk 1:14:54]} 45. Rb7 {[%clk 0:40:39]} b4 {[%clk 1:13:20]} 46. Ke5
{[%clk 0:38:55]} Bc5 {[%clk 1:10:54]} 47. Ke6 {[%clk 0:35:50]} Kg8
{[%clk 1:09:54]} 48. f6 {[%clk 0:33:39]} gxf6 {[%clk 1:07:40]} 49. Nf5
{[%clk 0:33:18]} Bf8 {[%clk 1:04:31]} 50. Nxh4 {[%clk 0:33:38]} Bc5 1-0

[Event "World Senior Championship F50+/F65+"]
[Site "Katerini"]
[Date "2014.10.26"]
[Round "3.6"]
[White "Ungure, Liga"]
[Black "Bogumil, Tatiana"]
[Result "0-1"]
[WhiteElo "1997"]
[BlackElo "2149"]
[EventDate "2014.10.24"]

1. e4 {[%clk 1:30:58]} e6 {[%clk 1:30:22]} 2. d4 {[%clk 1:31:12]} d5
{[%clk 1:30:47]} 3. Nd2 {[%clk 1:31:37]} dxe4 {[%clk 1:28:58]} 4. Nxe4
{[%clk 1:32:03]} Bd7 {[%clk 1:29:20]} 5. Nf3 {[%clk 1:30:54]} Bc6
{[%clk 1:29:42]} 6. Bd3 {[%clk 1:30:03]} Nd7 {[%clk 1:29:51]} 7. O-O
{[%clk 1:28:38]} Ngf6 {[%clk 1:29:58]} 8. Ng3 {[%clk 1:26:10]} Bxf3
{[%clk 1:21:22]} 9. Qxf3 {[%clk 1:24:38]} c6 {[%clk 1:21:43]} 10. Re1
{[%clk 1:13:21]} Qa5 {[%clk 1:15:40]} 11. c3 {[%clk 1:10:06]} O-O-O
{[%clk 1:11:25]} 12. b4 {[%clk 0:58:02]} Qc7 {[%clk 1:08:43]} 13. Bf4
{[%clk 0:43:11]} Bd6 {[%clk 1:07:35]} 14. Bxd6 {[%clk 0:43:35]} Qxd6
{[%clk 1:08:00]} 15. Ne4 {[%clk 0:37:52]} Nxe4 {[%clk 1:08:01]} 16. Qxe4
{[%clk 0:37:34]} Nf6 {[%clk 1:02:33]} 17. Qe5 {[%clk 0:36:18]} Qxe5
{[%clk 1:02:04]} 18. Rxe5 {[%clk 0:36:24]} Nd5 {[%clk 0:59:58]} 19. Rc1
{[%clk 0:31:06]} a6 {[%clk 0:53:11]} 20. g3 {[%clk 0:30:34]} Kc7 {[%clk 0:53:07]}
21. Bf1 {[%clk 0:19:50]} h5 {[%clk 0:50:56]} 22. h4 {[%clk 0:19:31]} g6
{[%clk 0:51:03]} 23. a3 {[%clk 0:19:21]} Nf6 {[%clk 0:43:31]} 24. a4
{[%clk 0:16:36]} Ng4 {[%clk 0:40:24]} 25. Rg5 {[%clk 0:15:11]} Rhg8
{[%clk 0:38:55]} 26. a5 {[%clk 0:15:16]} f5 {[%clk 0:34:23]} 27. Re1
{[%clk 0:10:39]} Rd6 {[%clk 0:30:58]} 28. Kg2 {[%clk 0:08:26]} Nf6
{[%clk 0:25:39]} 29. Kf3 {[%clk 0:08:42]} Kd7 {[%clk 0:23:52]} 30. Bc4
{[%clk 0:06:24]} Ke7 {[%clk 0:22:00]} 31. Kf4 {[%clk 0:06:07]} Nh7
{[%clk 0:11:22]} 32. Be2 {[%clk 0:06:03]} Kf6 {[%clk 0:11:05]} 33. Bxh5
{[%clk 0:06:14]} Nxg5 {[%clk 0:05:52]} 34. hxg5+ {[%clk 0:06:43]} Kg7
{[%clk 0:05:58]} 35. Bd1 {[%clk 0:06:25]} Rh8 {[%clk 0:05:53]} 36. Bb3
{[%clk 0:06:31]} Kf7 {[%clk 0:05:32]} 37. Bc4 {[%clk 0:06:02]} Rh2
{[%clk 0:05:47]} 38. Kf3 {[%clk 0:04:55]} Ke7 {[%clk 0:05:33]} 39. Re2
{[%clk 0:04:19]} Rh1 {[%clk 0:05:35]} 40. Kf4 {[%clk 0:34:08]} Rc1
{[%clk 0:34:24]} 41. Re3 {[%clk 0:34:25]} Rxd4+ {[%clk 0:32:10]} 42. cxd4
{[%clk 0:29:03]} Rxc4 {[%clk 0:31:15]} 43. Rb3 {[%clk 0:27:54]} Rxd4+
{[%clk 0:31:36]} 44. Ke3 {[%clk 0:27:49]} Rg4 {[%clk 0:30:38]} 45. Rb1
{[%clk 0:20:28]} Rxg5 {[%clk 0:29:43]} 46. Rh1 {[%clk 0:20:45]} f4+
{[%clk 0:26:09]} 47. gxf4 {[%clk 0:17:13]} Rb5 {[%clk 0:26:31]} 48. Rh7+
{[%clk 0:17:15]} Kf6 {[%clk 0:26:45]} 49. Rc7 {[%clk 0:17:19]} Rxb4
{[%clk 0:26:53]} 50. Kf3 {[%clk 0:17:23]} g5 {[%clk 0:24:33]} 51. fxg5+
{[%clk 0:17:25]} Kxg5 {[%clk 0:24:57]} 52. Rf7 {[%clk 0:17:12]} Kg6
{[%clk 0:25:20]} 53. Rc7 {[%clk 0:16:35]} Kf5 {[%clk 0:25:29]} 54. Rh7
{[%clk 0:12:33]} Rb3+ {[%clk 0:25:39]} 55. Ke2 {[%clk 0:12:52]} Ke4
{[%clk 0:25:47]} 56. Rh4+ {[%clk 0:12:48]} Kd5 {[%clk 0:25:45]} 57. Rh7
{[%clk 0:13:08]} e5 {[%clk 0:24:54]} 58. Rh4 {[%clk 0:11:46]} Rb5
{[%clk 0:23:42]} 0-1

[Event "World Senior Championship F50+/F65+"]
[Site "Katerini"]
[Date "2014.10.26"]
[Round "3.7"]
[White "Sand, Rosemarie"]
[Black "Melashvili, Nino"]
[Result "0-1"]
[WhiteElo "1651"]
[BlackElo "2135"]
[EventDate "2014.10.24"]

1. d4 {[%clk 1:30:56]} d5 {[%clk 1:30:50]} 2. c4 {[%clk 1:31:06]} Nc6
{[%clk 1:31:11]} 3. Nc3 {[%clk 1:30:49]} Nf6 {[%clk 1:30:12]} 4. Nf3
{[%clk 1:29:59]} Bg4 {[%clk 1:20:09]} 5. Bg5 {[%clk 1:16:04]} Ne4
{[%clk 1:16:32]} 6. cxd5 {[%clk 1:05:32]} Nxc3 {[%clk 1:16:00]} 7. bxc3
{[%clk 1:05:08]} Qxd5 {[%clk 1:16:25]} 8. Bh4 {[%clk 0:56:17]} Qa5
{[%clk 1:06:51]} 9. Qd2 {[%clk 0:49:31]} O-O-O {[%clk 1:00:40]} 10. e3
{[%clk 0:46:45]} f6 {[%clk 1:00:21]} 11. h3 {[%clk 0:40:31]} Bxf3
{[%clk 0:58:32]} 12. gxf3 {[%clk 0:40:38]} e5 {[%clk 0:58:46]} 13. Rb1
{[%clk 0:31:19]} exd4 {[%clk 0:58:20]} 14. exd4 {[%clk 0:29:49]} Nxd4
{[%clk 0:58:35]} 0-1

[Event "World Senior Championship F50+/F65+"]
[Site "Katerini"]
[Date "2014.10.26"]
[Round "3.8"]
[White "Pelias, Marilyn"]
[Black "Titorenko, Natalia I"]
[Result "0-1"]
[WhiteElo "1613"]
[BlackElo "2123"]
[EventDate "2014.10.24"]

1. e4 {[%clk 1:30:57]} d5 {[%clk 1:31:21]} 2. exd5 {[%clk 1:31:45]} Qxd5
{[%clk 1:31:49]} 3. Nc3 {[%clk 1:30:59]} Qd6 {[%clk 1:31:50]} 4. d4
{[%clk 1:32:07]} Nf6 {[%clk 1:30:40]} 5. Nf3 {[%clk 1:31:02]} a6 {[%clk 1:30:48]}
6. a4 {[%clk 1:30:49]} Bf5 {[%clk 1:30:06]} 7. Bd3 {[%clk 1:30:24]} Bg6
{[%clk 1:24:13]} 8. h3 {[%clk 1:28:36]} Nc6 {[%clk 1:22:16]} 9. Be3
{[%clk 1:28:00]} e6 {[%clk 1:16:05]} 10. O-O {[%clk 1:26:56]} Be7
{[%clk 1:09:47]} 11. Re1 {[%clk 1:22:48]} Rd8 {[%clk 0:54:15]} 12. Qd2
{[%clk 1:22:02]} Bxd3 {[%clk 0:47:17]} 13. Qxd3 {[%clk 1:21:35]} Nb4
{[%clk 0:43:45]} 14. Qd2 {[%clk 1:21:07]} Nbd5 {[%clk 0:43:57]} 15. Ra3
{[%clk 1:10:43]} O-O {[%clk 0:30:30]} 16. Rb3 {[%clk 1:09:23]} Nxc3
{[%clk 0:25:37]} 17. Qxc3 {[%clk 1:02:04]} Nd5 {[%clk 0:25:00]} 18. Qd3
{[%clk 0:59:38]} Bf6 {[%clk 0:19:08]} 19. Ng5 {[%clk 0:51:44]} Bxg5
{[%clk 0:18:13]} 20. Bxg5 {[%clk 0:51:35]} Rd7 {[%clk 0:14:13]} 21. Rxb7
{[%clk 0:48:48]} Qc6 {[%clk 0:11:57]} 22. Rb3 {[%clk 0:47:50]} Qxa4
{[%clk 0:11:58]} 23. Ra3 {[%clk 0:45:54]} Qb4 {[%clk 0:10:53]} 24. Rb1
{[%clk 0:43:07]} Nb6 {[%clk 0:08:53]} 25. Bd2 {[%clk 0:39:44]} Qxd4
{[%clk 0:07:43]} 26. Be3 {[%clk 0:36:13]} Qxd3 {[%clk 0:06:41]} 27. Rxd3
{[%clk 0:35:12]} Rxd3 {[%clk 0:06:31]} 28. cxd3 {[%clk 0:35:30]} Nd5
{[%clk 0:06:43]} 29. Bc5 {[%clk 0:33:41]} Ra8 {[%clk 0:05:38]} 30. b4
{[%clk 0:33:09]} f6 {[%clk 0:05:55]} 31. Ra1 {[%clk 0:32:24]} Kf7
{[%clk 0:06:16]} 32. Kf1 {[%clk 0:30:34]} Ke8 {[%clk 0:05:23]} 33. d4
{[%clk 0:30:01]} Kd7 {[%clk 0:04:57]} 34. Ke1 {[%clk 0:27:02]} Kc6
{[%clk 0:03:12]} 35. Ra5 {[%clk 0:27:05]} Nc3 {[%clk 0:02:32]} 36. Kd2
{[%clk 0:26:51]} Nb5 {[%clk 0:02:52]} 37. Kd3 {[%clk 0:25:57]} Kd5
{[%clk 0:02:49]} 38. f4 {[%clk 0:25:55]} h5 {[%clk 0:02:25]} 39. g4
{[%clk 0:26:14]} hxg4 {[%clk 0:02:49]} 40. hxg4 {[%clk 0:56:38]} Rh8
{[%clk 0:32:28]} 41. Rxa6 {[%clk 0:55:36]} Rh3+ {[%clk 0:30:14]} 42. Ke2
{[%clk 0:55:34]} Rg3 {[%clk 0:28:12]} 43. f5 {[%clk 0:52:28]} Rxg4
{[%clk 0:25:29]} 44. Rxe6 {[%clk 0:48:34]} Re4+ {[%clk 0:25:44]} 45. Kf3
{[%clk 0:47:56]} Rxe6 {[%clk 0:25:18]} 46. fxe6 {[%clk 0:48:04]} Kxe6
{[%clk 0:25:47]} 47. Ke3 {[%clk 0:44:42]} Kd5 {[%clk 0:22:21]} 48. Bf8
{[%clk 0:43:22]} Nxd4 {[%clk 0:22:31]} 49. Bc5 {[%clk 0:40:43]} Ne6
{[%clk 0:21:26]} 50. Be7 {[%clk 0:40:14]} Kc6 {[%clk 0:21:01]} 51. Ke4
{[%clk 0:40:07]} Kd7 {[%clk 0:20:59]} 52. Bc5 {[%clk 0:40:06]} Nxc5+
{[%clk 0:21:21]} 53. bxc5 {[%clk 0:40:30]} Kc6 {[%clk 0:21:47]} 54. Kf5
{[%clk 0:40:16]} Kxc5 {[%clk 0:22:14]} 55. Kg6 {[%clk 0:40:18]} Kd4
{[%clk 0:22:39]} 56. Kxg7 {[%clk 0:40:45]} f5 {[%clk 0:22:56]} 0-1

[Event "World Senior Championship F50+/F65+"]
[Site "Katerini"]
[Date "2014.10.26"]
[Round "3.10"]
[White "Baliuniene, Margarita"]
[Black "Khropova, Larisa"]
[Result "1/2-1/2"]
[WhiteElo "1961"]
[BlackElo "2026"]
[EventDate "2014.10.24"]

1. d4 {[%clk 1:30:58]} d5 {[%clk 1:30:47]} 2. c4 {[%clk 1:31:23]} c6
{[%clk 1:31:12]} 3. e3 {[%clk 1:31:47]} Nf6 {[%clk 1:31:01]} 4. Nf3
{[%clk 1:32:03]} Bg4 {[%clk 1:31:11]} 5. Bd3 {[%clk 1:30:54]} Bxf3
{[%clk 1:30:16]} 6. Qxf3 {[%clk 1:31:02]} e6 {[%clk 1:30:35]} 7. O-O
{[%clk 1:30:48]} Bd6 {[%clk 1:29:52]} 8. Nc3 {[%clk 1:29:30]} Nbd7
{[%clk 1:24:53]} 9. b3 {[%clk 1:24:42]} Qe7 {[%clk 1:23:16]} 10. Bb2
{[%clk 1:23:25]} O-O {[%clk 1:22:54]} 11. Rfe1 {[%clk 1:20:29]} Rac8
{[%clk 1:17:18]} 12. e4 {[%clk 1:08:52]} dxe4 {[%clk 1:17:29]} 13. Nxe4
{[%clk 1:09:16]} Nxe4 {[%clk 1:17:10]} 14. Rxe4 {[%clk 0:55:12]} Ba3
{[%clk 1:02:36]} 15. Bxa3 {[%clk 0:40:44]} Qxa3 {[%clk 1:02:59]} 16. Re2
{[%clk 0:34:25]} Nf6 {[%clk 1:02:18]} 17. Qh3 {[%clk 0:31:58]} Qd6
{[%clk 0:59:20]} 18. Rd1 {[%clk 0:31:19]} Rcd8 {[%clk 0:57:37]} 19. Qh4
{[%clk 0:26:43]} Rfe8 {[%clk 0:54:43]} 20. h3 {[%clk 0:24:24]} h6
{[%clk 0:46:22]} 21. Bc2 {[%clk 0:19:50]} a5 {[%clk 0:38:02]} 22. Red2
{[%clk 0:15:23]} Qe7 {[%clk 0:37:40]} 23. Qf4 {[%clk 0:14:17]} Qd6
{[%clk 0:36:17]} 24. Qe3 {[%clk 0:14:17]} b5 {[%clk 0:34:37]} 25. Qc3
{[%clk 0:12:42]} b4 {[%clk 0:32:40]} 26. Qf3 {[%clk 0:12:42]} Qc7
{[%clk 0:32:20]} 27. Be4 {[%clk 0:11:49]} Rc8 {[%clk 0:30:20]} 28. Qe3
{[%clk 0:10:33]} Rcd8 {[%clk 0:26:35]} 29. Bf3 {[%clk 0:10:47]} Rd7
{[%clk 0:26:24]} 30. Qe5 {[%clk 0:09:47]} Red8 {[%clk 0:25:31]} 31. Qc5
{[%clk 0:09:41]} Rc8 {[%clk 0:23:48]} 32. Qe5 {[%clk 0:09:41]} Qd8
{[%clk 0:23:08]} 33. Qg3 {[%clk 0:09:44]} Qb6 {[%clk 0:21:40]} 34. Qf4
{[%clk 0:07:47]} Rcd8 {[%clk 0:21:40]} 35. Qe3 {[%clk 0:07:20]} Kf8
{[%clk 0:21:35]} 36. Kf1 {[%clk 0:07:31]} Qc7 {[%clk 0:21:16]} 37. g4
{[%clk 0:07:39]} Kg8 {[%clk 0:11:34]} 38. Bg2 {[%clk 0:07:27]} Qb6
{[%clk 0:11:10]} 39. Qf4 {[%clk 0:05:40]} Kf8 {[%clk 0:10:32]} 40. Qe5
{[%clk 0:33:29]} Kg8 {[%clk 0:38:46]} 41. Kg1 {[%clk 0:24:45]} Kf8
{[%clk 0:35:49]} 1/2-1/2

[Event "World Senior Championship F50+/F65+"]
[Site "Katerini"]
[Date "2014.10.26"]
[Round "3.11"]
[White "Kabanova, Irina"]
[Black "Khmiadashvili, Tamar"]
[Result "0-1"]
[WhiteElo "1933"]
[BlackElo "2090"]
[EventDate "2014.10.24"]

1. e4 {[%clk 1:30:57]} d6 {[%clk 1:30:47]} 2. d4 {[%clk 1:31:16]} Nf6
{[%clk 1:31:06]} 3. Nc3 {[%clk 1:31:10]} c6 {[%clk 1:31:22]} 4. f4
{[%clk 1:30:05]} g6 {[%clk 1:27:07]} 5. Be2 {[%clk 1:25:01]} Bg7 {[%clk 1:27:07]}
6. Nf3 {[%clk 1:23:32]} d5 {[%clk 1:25:40]} 7. exd5 {[%clk 1:20:25]} cxd5
{[%clk 1:24:12]} 8. O-O {[%clk 1:18:18]} O-O {[%clk 1:20:25]} 9. Ne5
{[%clk 1:14:49]} Ne8 {[%clk 1:14:46]} 10. Be3 {[%clk 1:04:08]} e6
{[%clk 1:12:24]} 11. Qd2 {[%clk 0:59:52]} Nd6 {[%clk 1:11:54]} 12. Bd3
{[%clk 0:50:32]} f6 {[%clk 1:07:49]} 13. Nf3 {[%clk 0:49:08]} Nc6
{[%clk 1:07:04]} 14. Bf2 {[%clk 0:45:58]} f5 {[%clk 1:04:10]} 15. Ne5
{[%clk 0:42:17]} Ne4 {[%clk 0:57:36]} 16. Bxe4 {[%clk 0:38:10]} fxe4
{[%clk 0:52:30]} 17. Be3 Bd7 {[%clk 0:40:22]} 18. Ne2 {[%clk 0:31:17]} Ne7
{[%clk 0:37:20]} 19. g4 {[%clk 0:27:47]} Bb5 {[%clk 0:36:21]} 20. a4
{[%clk 0:24:25]} Ba6 {[%clk 0:31:46]} 21. Rf2 {[%clk 0:23:19]} Bxe2
{[%clk 0:30:52]} 22. Rxe2 {[%clk 0:23:32]} g5 {[%clk 0:29:20]} 23. c3
{[%clk 0:15:56]} gxf4 {[%clk 0:22:55]} 24. Bxf4 {[%clk 0:16:00]} Ng6
{[%clk 0:23:19]} 25. Nxg6 {[%clk 0:15:39]} hxg6 26. g5 Rf5 {[%clk 0:21:23]} 27.
h4 {[%clk 0:05:30]} Qd7 {[%clk 0:19:35]} 28. Rf2 {[%clk 0:03:33]} Raf8
{[%clk 0:18:37]} 29. a5 e5 {[%clk 0:17:56]} 30. dxe5 {[%clk 0:03:04]} Bxe5
{[%clk 0:16:56]} 31. Raf1 {[%clk 0:03:13]} Bg7 {[%clk 0:11:31]} 32. Qe3
{[%clk 0:02:18]} a6 {[%clk 0:07:04]} 33. Rd1 {[%clk 0:02:02]} Qb5
{[%clk 0:05:55]} 34. b4 {[%clk 0:01:09]} Qc6 0-1

[Event "World Senior Championship F50+/F65+"]
[Site "Katerini"]
[Date "2014.10.26"]
[Round "3.12"]
[White "Abdikasova, Panu"]
[Black "Hoose, Hannelore"]
[Result "1-0"]
[WhiteElo "1981"]
[BlackElo "1757"]
[EventDate "2014.10.24"]

1. d4 {[%clk 1:30:55]} c5 {[%clk 1:29:43]} 2. d5 {[%clk 1:31:14]} e5
{[%clk 1:29:59]} 3. Nc3 {[%clk 1:31:21]} d6 {[%clk 1:30:10]} 4. e4
{[%clk 1:31:18]} Nf6 {[%clk 1:29:41]} 5. Nf3 {[%clk 1:26:47]} Be7
{[%clk 1:27:05]} 6. Be2 {[%clk 1:26:01]} a6 7. a4 O-O {[%clk 1:24:08]} 8. h3
{[%clk 1:23:56]} h6 {[%clk 1:23:17]} 9. O-O {[%clk 1:22:18]} Nh7 {[%clk 1:22:23]}
10. Ra3 {[%clk 1:19:14]} Ng5 {[%clk 1:21:25]} 11. Nxg5 {[%clk 1:16:05]} Bxg5
{[%clk 1:21:44]} 12. Kh2 {[%clk 1:14:47]} Nd7 {[%clk 1:15:17]} 13. a5
{[%clk 1:15:03]} Bxc1 {[%clk 1:07:56]} 14. Qxc1 {[%clk 1:14:59]} Nf6
{[%clk 1:05:03]} 15. Qe1 {[%clk 1:08:11]} Nh7 {[%clk 1:04:41]} 16. Na4
{[%clk 1:06:52]} Rb8 {[%clk 1:03:00]} 17. Nb6 {[%clk 1:06:45]} Qh4
{[%clk 0:59:23]} 18. Nxc8 {[%clk 1:02:56]} Rfxc8 {[%clk 0:59:07]} 19. Bc4
{[%clk 1:02:03]} Qe7 {[%clk 0:57:40]} 20. Rb3 {[%clk 1:01:14]} Nf8
{[%clk 0:52:28]} 21. Qe2 {[%clk 0:58:23]} Qc7 {[%clk 0:50:09]} 22. Ra1
{[%clk 0:51:56]} Rd8 {[%clk 0:50:01]} 23. Qg4 {[%clk 0:46:00]} Qd7
{[%clk 0:49:08]} 24. Qh5 {[%clk 0:45:55]} Qe7 {[%clk 0:47:33]} 25. h4
{[%clk 0:44:18]} Qf6 {[%clk 0:45:27]} 26. Rf3 {[%clk 0:44:01]} Qg6
{[%clk 0:45:47]} 27. Qxg6 {[%clk 0:43:07]} fxg6 {[%clk 0:41:22]} 28. Rb3
{[%clk 0:43:30]} Nd7 {[%clk 0:38:07]} 29. Be2 {[%clk 0:42:02]} h5
{[%clk 0:38:06]} 30. g4 {[%clk 0:40:30]} Nf6 {[%clk 0:37:54]} 31. gxh5
{[%clk 0:39:15]} gxh5 {[%clk 0:38:04]} 32. f3 {[%clk 0:39:34]} Kf7
{[%clk 0:36:36]} 33. Rg1 {[%clk 0:39:13]} g6 {[%clk 0:36:03]} 34. Rb6
{[%clk 0:39:27]} Kg7 {[%clk 0:32:32]} 35. Rb1 {[%clk 0:39:33]} Ne8
{[%clk 0:31:20]} 36. b4 {[%clk 0:39:30]} cxb4 {[%clk 0:24:56]} 37. R1xb4
{[%clk 0:39:55]} Kf6 {[%clk 0:22:21]} 38. Bxa6 {[%clk 0:38:51]} Ra8
{[%clk 0:22:32]} 39. Bxb7 {[%clk 0:38:21]} Rxa5 40. Bc6 Ke7 {[%clk 0:16:46]} 41.
Rb7+ {[%clk 0:32:47]} Kf8 {[%clk 0:14:42]} 42. Rh7 {[%clk 1:02:36]} Rc5
{[%clk 0:37:33]} 43. Rh8+ {[%clk 1:01:38]} Kg7 {[%clk 0:37:27]} 44. Rxe8
{[%clk 1:02:00]} Rxc2+ {[%clk 0:37:11]} 45. Kg3 {[%clk 1:02:22]} Rxe8
{[%clk 0:36:56]} 46. Bxe8 Rc7 {[%clk 0:36:43]} 47. Bc6 {[%clk 1:02:26]} Kf6
{[%clk 0:36:18]} 48. f4 {[%clk 1:02:41]} Re7 {[%clk 0:36:03]} 49. Rb7
{[%clk 1:02:08]} exf4+ {[%clk 0:35:25]} 50. Kxf4 {[%clk 1:02:35]} Re5
{[%clk 0:32:47]} 51. Bd7 {[%clk 1:02:39]} g5+ {[%clk 0:32:18]} 52. hxg5+
{[%clk 1:03:01]} Rxg5 {[%clk 0:31:27]} 53. Bf5 {[%clk 1:03:23]} Rg1
{[%clk 0:29:34]} 54. Rh7 {[%clk 1:03:40]} Rf1+ 55. Kg3 Rh1 {[%clk 0:25:47]} 56.
Kg2 {[%clk 1:03:41]} Rh4 {[%clk 0:25:51]} 57. Rh6+ {[%clk 1:03:48]} Ke5
{[%clk 0:24:12]} 58. Re6+ {[%clk 1:03:43]} Kd4 {[%clk 0:24:03]} 59. Rxd6
{[%clk 1:03:45]} Rf4 {[%clk 0:22:43]} 60. Kg3 {[%clk 1:03:49]} Ke3
{[%clk 0:23:05]} 61. Rh6 {[%clk 1:03:57]} Rf3+ {[%clk 0:22:36]} 62. Kh4
{[%clk 1:04:19]} Rf1 {[%clk 0:21:38]} 63. Rxh5 {[%clk 1:04:32]} Kf3
{[%clk 0:20:11]} 64. d6 {[%clk 1:04:36]} Rh1+ {[%clk 0:19:49]} 65. Bh3
{[%clk 1:05:03]} Kxe4 {[%clk 0:19:33]} 66. d7 {[%clk 1:05:26]} Rd1
{[%clk 0:19:47]} 67. Rh8 {[%clk 1:05:50]} 1-0

[Event "World Senior Championship F50+/F65+"]
[Site "Katerini"]
[Date "2014.10.27"]
[Round "4.1"]
[White "Gaprindashvili, Nona"]
[Black "Mednikova, Svetlana"]
[Result "1/2-1/2"]
[WhiteElo "2299"]
[BlackElo "2154"]
[EventDate "2014.10.24"]

1. d4 {[%clk 1:30:54]} d5 {[%clk 1:30:38]} 2. c4 {[%clk 1:31:17]} e6
{[%clk 1:30:53]} 3. Nf3 {[%clk 1:31:38]} c6 {[%clk 1:30:46]} 4. Qc2
{[%clk 1:31:35]} f5 {[%clk 1:30:52]} 5. g3 {[%clk 1:31:57]} Bd6 {[%clk 1:28:35]}
6. Bg2 {[%clk 1:32:16]} Nf6 {[%clk 1:28:44]} 7. O-O {[%clk 1:32:39]} O-O
{[%clk 1:28:44]} 8. Bf4 {[%clk 1:33:01]} Bxf4 {[%clk 1:29:07]} 9. gxf4
{[%clk 1:33:29]} Ne4 {[%clk 1:27:31]} 10. Nbd2 {[%clk 1:32:58]} Nd7
{[%clk 1:24:59]} 11. Rac1 {[%clk 1:32:49]} Rf6 {[%clk 1:20:30]} 12. Rfd1
{[%clk 1:21:04]} Rh6 {[%clk 1:15:29]} 13. Nf1 {[%clk 1:20:28]} Nf8
{[%clk 1:11:24]} 14. Ne5 {[%clk 1:16:24]} Ng6 {[%clk 1:03:50]} 15. Nxg6
{[%clk 1:16:27]} Rxg6 {[%clk 1:03:08]} 16. f3 {[%clk 1:16:39]} Nd6
{[%clk 0:52:41]} 17. b3 {[%clk 1:16:01]} Bd7 {[%clk 0:50:38]} 18. e3
{[%clk 1:12:18]} Qh4 {[%clk 0:37:55]} 19. Qf2 {[%clk 1:12:23]} Qf6
{[%clk 0:35:09]} 20. Ng3 {[%clk 1:11:31]} Rf8 {[%clk 0:35:05]} 21. Bf1
{[%clk 1:02:16]} Rh6 {[%clk 0:32:36]} 22. Kh1 {[%clk 0:50:44]} Be8
{[%clk 0:30:46]} 23. Bd3 {[%clk 0:50:24]} Qh4 {[%clk 0:27:23]} 24. Rg1
{[%clk 0:48:53]} Bh5 {[%clk 0:25:03]} 25. Rg2 {[%clk 0:48:50]} Be8
{[%clk 0:20:54]} 26. c5 {[%clk 0:46:12]} Nc8 {[%clk 0:19:43]} 27. Rcg1
{[%clk 0:46:10]} Rg6 {[%clk 0:19:01]} 28. b4 {[%clk 0:45:39]} a6 {[%clk 0:19:23]}
29. a4 {[%clk 0:45:49]} Qd8 {[%clk 0:13:48]} 30. Ne2 {[%clk 0:45:35]} Rxg2
{[%clk 0:11:45]} 31. Qxg2 {[%clk 0:44:26]} Rf7 {[%clk 0:10:06]} 32. Qg5
{[%clk 0:42:48]} Ne7 {[%clk 0:08:46]} 33. Nc1 {[%clk 0:38:41]} Qc7
{[%clk 0:08:12]} 34. Be2 {[%clk 0:36:14]} Ng6 {[%clk 0:04:29]} 35. h4
{[%clk 0:34:06]} Qe7 {[%clk 0:03:22]} 36. h5 {[%clk 0:33:55]} Nf8
{[%clk 0:03:07]} 37. Nd3 {[%clk 0:31:05]} Rf6 {[%clk 0:02:22]} 38. Ne5
{[%clk 0:25:06]} Kh8 {[%clk 0:02:14]} 39. Kg2 {[%clk 0:24:33]} Nd7
{[%clk 0:01:40]} 40. Kf2 {[%clk 0:54:03]} Qf8 {[%clk 0:31:30]} 41. Qh4
{[%clk 0:53:46]} Rh6 {[%clk 0:28:58]} 42. Rg5 {[%clk 0:49:21]} Nf6
{[%clk 0:26:44]} 43. Qh1 {[%clk 0:44:56]} Nxh5 {[%clk 0:17:07]} 44. Qb1
{[%clk 0:44:59]} Nf6 {[%clk 0:16:54]} 45. b5 {[%clk 0:45:19]} Rh2+
{[%clk 0:16:15]} 46. Rg2 {[%clk 0:45:47]} Rxg2+ {[%clk 0:15:42]} 47. Kxg2
{[%clk 0:46:15]} axb5 {[%clk 0:15:22]} 48. axb5 {[%clk 0:46:43]} cxb5
{[%clk 0:04:18]} 49. Bxb5 {[%clk 0:47:01]} Bxb5 {[%clk 0:04:07]} 50. Qxb5
{[%clk 0:47:28]} Qe7 {[%clk 0:04:17]} 51. Qa5 {[%clk 0:43:59]} g6
{[%clk 0:04:27]} 52. Qa7 {[%clk 0:44:06]} Ng8 {[%clk 0:04:18]} 53. Qb8
{[%clk 0:43:49]} Kg7 {[%clk 0:02:49]} 54. Qc8 {[%clk 0:42:24]} Nf6
{[%clk 0:02:01]} 55. Qb8 {[%clk 0:37:54]} h6 {[%clk 0:01:57]} 56. Qa7
{[%clk 0:25:54]} 1/2-1/2